Sport v království českém /

Salvato in:
Dettagli Bibliografici
Autore principale: Pacina, Václav (Autore)
Natura: Libro
Lingua:ceco
Pubblicazione: Praha : Mladá fronta, 1986
Serie:Edice: Archiv svazek 46.
Tags: Aggiungi Tag
Nessun Tag, puoi essere il primo ad aggiungerne!!

MARC

LEADER 00000nam a22000003a 4500
001 stu17246
005 20150617225754.6
008 910408s1986----cs------------------cze-d
040 |a STU  |b slo 
041 0 |a cze 
044 |a cs 
080 |a 796/799  |7 stu_us_auth*stu5214 
100 1 |a Pacina, Václav  |4 aut 
245 1 |a Sport v království českém /  |c [aut.]Pacina,Václav 
260 |a Praha :  |b Mladá fronta,  |c 1986 
300 |a 237 s :  |b Obr.,lit 
830 0 |a Edice: Archiv  |v svazek 46. 
996 |b C87850  |c C*87850  |l CCXXI  |s P  |a 0  |w stu17246_0001